Vývoj plodnosti v Európe a na Slovensku po roku 1950
Vývoj plodnosti v Európe a na Slovensku po roku 1950. Podiel detí narodených mimo manželstva v jednotlivých krajinách Európy. Priemerný vek žien pri prvom pôrode. Plodnosť a sobášnosť v SR. Živonarodení podľa poradia v SR.
Enregistré dans:
| Auteur principal: | |
|---|---|
| Format: | Chapitre de livre |
| Langue: | slovaque |
| Sujets: | |
| Tags: |
Pas de tags, Soyez le premier à ajouter un tag!
|
MARC
| LEADER | 00000naa a2200000 4500 | ||
|---|---|---|---|
| 001 | r048847 | ||
| 005 | 20230906074322.7 | ||
| 041 | 0 | |a slo | |
| 044 | |a SK | ||
| 245 | 1 | 0 | |a Vývoj plodnosti v Európe a na Slovensku po roku 1950 |c Martina Lukáčová |
| 520 | |a Vývoj plodnosti v Európe a na Slovensku po roku 1950. Podiel detí narodených mimo manželstva v jednotlivých krajinách Európy. Priemerný vek žien pri prvom pôrode. Plodnosť a sobášnosť v SR. Živonarodení podľa poradia v SR. | ||
| 610 | 2 | 0 | |a pôrodnosť |
| 610 | 2 | 0 | |a vývoj populačný |
| 610 | 2 | 0 | |a demografia |
| 610 | 2 | 0 | |a deti |
| 610 | 2 | 0 | |a ženy |
| 610 | 2 | 0 | |a manželstvo |
| 610 | 2 | 0 | |a rodina |
| 610 | 2 | 0 | |a Európa |
| 610 | 2 | 0 | |a Slovensko |
| 100 | 1 | |a Lukáčová, Martina | |